000 00504nam a2200181Ia 4500
001 22880
005 20260414150900.0
008 260414t2018||||xx |||||||||||||| ||spa||
041 _aESP
082 _a624.15136
_bR53 V. 2 2018
100 _aRico Rodríguez, Alfonso
_eAUT
245 0 _aLa ingeniería de suelos en las vías terrestres :
_bcarreteras, ferrocarriles y aeropistas
260 _c2018
300 _a643 páginas :
_c28 cm.
650 _a0
654 _aCIC
942 _cLIB
_dJUS
_fJUS
_2ddc
_n
999 _c22880
_d22880